[Event "MTO-2021"]
[Site "?"]
[Date "2021.??.??"]
[Round "7.127"]
[White "Sultan Ibrahim"]
[Black "Kamber Bruno"]
[Result "1-0"]
[WhiteElo "2076"]
[BlackElo "2275"]
[PlyCount "111"]
[EventDate "2021.??.??"]
[WhiteTeam "Vereinigte Arabische Emirate"]
[BlackTeam "Schweiz"]
[WhiteTeamCountry "UAE"]
[BlackTeamCountry "SUI"]

1. d4 g6 2. e4 Bg7 3. Nc3 d6 4. Be3 a6 5. g4 Nc6 6. d5 Ne5 7. Be2 e6 8. f4 Nd7
9. Qd2 exd5 10. exd5 h5 11. g5 Ne7 12. Bd4 Bxd4 13. Qxd4 O-O 14. O-O-O Nf5 15.
Qd2 Re8 16. Bd3 Nc5 17. Nge2 Ne3 18. Rde1 Ng2 19. Ref1 Qe7 20. Nd4 Qe3 21. Qxe3
Nxe3 22. Re1 Bh3 23. Kd2 Ng2 24. Rxe8+ Rxe8 25. Rf1 Nh4 26. Rf2 Kf8 27. b4 Nxd3
28. cxd3 Re7 29. a4 Ke8 30. a5 Nf5 31. Nxf5 Bxf5 32. Ne2 f6 33. Nd4 Bg4 34.
gxf6 Rf7 35. b5 axb5 36. Ke3 Bd7 37. Rb2 c6 38. dxc6 Bxc6 39. a6 Rc7 40. a7 Rc8
41. Ra2 Ra8 42. Ne6 Kd7 43. f7 Kxe6 44. f8=Q Rxf8 45. a8=Q Rxa8 46. Rxa8 Kf6
47. Ra1 Bd7 48. Kd4 Bc6 49. Rg1 Kf5 50. Ke3 Bd7 51. d4 Be6 52. Rg5+ Kf6 53.
Rxb5 Bc8 54. Ke4 Ke7 55. Rb6 Kd7 56. Kd5 1-0

[Event "MTO-2021"]
[Site "?"]
[Date "2021.??.??"]
[Round "7.128"]
[White "Gomez Barrera Javiera Belen"]
[Black "Salzgeber Frank"]
[Result "1-0"]
[WhiteElo "2083"]
[BlackElo "2183"]
[PlyCount "83"]
[EventDate "2021.??.??"]
[WhiteTeam "Chile"]
[BlackTeam "Schweiz"]
[WhiteTeamCountry "CHI"]
[BlackTeamCountry "SUI"]

1. e4 e5 2. Nf3 Nc6 3. Bc4 Bc5 4. c3 Nf6 5. d3 O-O 6. O-O d6 7. h3 a6 8. b4 Ba7
9. a4 Be6 10. Bxe6 fxe6 11. Re1 Qe7 12. Be3 Bxe3 13. Rxe3 Nd7 14. Nbd2 Rf7 15.
Qb1 Raf8 16. b5 axb5 17. Qxb5 Nd8 18. a5 Nc5 19. d4 exd4 20. cxd4 Na6 21. Rb1
h6 22. Rb2 Qf6 23. Nf1 g6 24. Ng3 c6 25. Qd3 e5 26. dxe5 dxe5 27. Qc3 Re7 28.
Rd3 Nf7 29. Nf1 h5 30. Ne3 Rd8 31. Rxd8+ Nxd8 32. Rd2 Nf7 33. h4 Kg7 34. Rb2
Qf4 35. Qc2 Qf6 36. Rb6 Qf4 37. Qd3 Kf8 38. Qa3 Ke8 39. Qb2 Qxe4 40. Rxb7 Rxb7
41. Qxb7 Nb4 42. Qxf7+ 1-0

[Event "MTO-2021"]
[Site "?"]
[Date "2021.??.??"]
[Round "7.129"]
[White "Heer Stephan"]
[Black "Rakhmangulova Anastasiya"]
[Result "0-1"]
[WhiteElo "2063"]
[BlackElo "2167"]
[PlyCount "54"]
[EventDate "2021.??.??"]
[WhiteTeam "Schweiz"]
[BlackTeam "Ukraine"]
[WhiteTeamCountry "SUI"]
[BlackTeamCountry "UKR"]

1. e4 e6 2. d3 d5 3. Nd2 c5 4. Ngf3 Nc6 5. g3 Nf6 6. Bg2 Be7 7. O-O O-O 8. Re1
Qc7 9. Qe2 a5 10. e5 Nd7 11. Nf1 b5 12. a4 b4 13. Bf4 Ba6 14. Ne3 Nb6 15. Ng4
Kh8 16. h4 c4 17. b3 Nd7 18. bxc4 dxc4 19. d4 Nb6 20. Ne3 c3 21. Qd1 Rad8 22.
Ng5 Bxg5 23. hxg5 Nxd4 24. Qh5 Bb7 25. Ng4 Bxg2 26. Kxg2 Qc6+ 27. Kh3 g6 0-1

[Event "MTO-2021"]
[Site "?"]
[Date "2021.??.??"]
[Round "7.130"]
[White "Zimmermann Luc"]
[Black "Mayrhuber Nikola"]
[Result "0-1"]
[WhiteElo "2151"]
[BlackElo "2062"]
[PlyCount "74"]
[EventDate "2021.??.??"]
[WhiteTeam "Niederlande"]
[BlackTeam "Österreich"]
[WhiteTeamCountry "NED"]
[BlackTeamCountry "AUT"]

1. e4 e6 2. d4 d5 3. Nd2 c5 4. exd5 exd5 5. Ngf3 Nc6 6. Bb5 Qe7+ 7. Be2 Qc7 8.
O-O Nf6 9. Re1 Be6 10. Bd3 O-O-O 11. c3 Kb8 12. dxc5 Bxc5 13. Nb3 Bb6 14. Be3
Bg4 15. Nbd4 Nxd4 16. cxd4 Ba5 17. Rf1 Ne4 18. Be2 f6 19. Qa4 Bb6 20. Rfc1 Qd6
21. Rc2 Bd7 22. Qb3 g5 23. Rac1 h5 24. Ne1 h4 25. Nd3 Bf5 26. Nc5 Rh7 27. Bd3
Re7 28. a4 h3 29. a5 Bxa5 30. g3 Bb6 31. Nxe4 Bxe4 32. Bxe4 Rxe4 33. Qc3 Ree8
34. b4 Qd7 35. Qb3 Qg4 36. b5 Qe4 37. f3 Qxe3+ 0-1

[Event "MTO-2021"]
[Site "?"]
[Date "2021.??.??"]
[Round "7.131"]
[White "Ermitsch Magnus"]
[Black "Schweizer Simon"]
[Result "0-1"]
[WhiteElo "2039"]
[BlackElo "2142"]
[PlyCount "70"]
[EventDate "2021.??.??"]
[WhiteTeam "Deutschland"]
[BlackTeam "Japan"]
[WhiteTeamCountry "GER"]
[BlackTeamCountry "JPN"]

1. e4 g6 2. d4 Bg7 3. Nc3 d6 4. Be3 a6 5. f4 b6 6. Bd3 c5 7. Nf3 Bg4 8. e5 Nh6
9. Be4 Ra7 10. h3 Bc8 11. g4 f5 12. exf6 exf6 13. Bd5 f5 14. g5 Ng8 15. Qd2 Ne7
16. Bb3 Bb7 17. d5 Nd7 18. Nd1 b5 19. a4 bxa4 20. Rxa4 Nb6 21. Ra3 Bxd5 22.
Bxd5 Nexd5 23. Kf2 O-O 24. h4 Re8 25. Re1 Rae7 26. b3 Qc8 27. c4 Nb4 28. Nc3
Qc6 29. Na2 Nxa2 30. Rxa2 d5 31. Rxa6 d4 32. Bxd4 cxd4 33. Qa5 Rxe1 34. Nxe1
Qe4 35. Rxb6 Qe2+ 0-1

[Event "MTO-2021"]
[Site "?"]
[Date "2021.??.??"]
[Round "7.132"]
[White "Manukonda Arun"]
[Black "Schmid Christoph"]
[Result "1-0"]
[WhiteElo "2033"]
[BlackElo "2091"]
[PlyCount "97"]
[EventDate "2021.??.??"]
[WhiteTeam "Indien"]
[BlackTeam "Schweiz"]
[WhiteTeamCountry "IND"]
[BlackTeamCountry "SUI"]

1. d4 Nf6 2. c4 e6 3. Nc3 Bb4 4. Bg5 c5 5. d5 d6 6. Nf3 exd5 7. cxd5 Nbd7 8. a3
Bxc3+ 9. bxc3 h6 10. Bf4 Qe7 11. e3 g5 12. Bg3 Ne4 13. Bd3 Nxg3 14. hxg3 Ne5
15. Bb5+ Bd7 16. Bxd7+ Kxd7 17. Rb1 Kc7 18. O-O Nxf3+ 19. Qxf3 Raf8 20. Qf5 f6
21. a4 Qh7 22. Qg4 f5 23. Qc4 Qd7 24. Rb2 Rh7 25. Rfb1 Kb8 26. Qa6 Rd8 27.
Rxb7+ Qxb7 28. Rxb7+ Rxb7 29. Qd3 Rf7 30. a5 Rdd7 31. a6 Kc8 32. g4 fxg4 33.
Qg6 Kc7 34. Qb1 Kc8 35. c4 Kd8 36. Qg6 Rg7 37. Qxh6 Ke8 38. Qe6+ Kf8 39. Qxg4
Ke8 40. Qe6+ Kd8 41. e4 Rge7 42. Qg8+ Re8 43. Qxg5+ Kc7 44. Qe3 Kb6 45. Qb3+
Kc7 46. Qb7+ Kd8 47. Qb8+ Ke7 48. Qb2 Kd8 49. g3 1-0

[Event "MTO-2021"]
[Site "?"]
[Date "2021.??.??"]
[Round "7.133"]
[White "Paladini Jean-Michel"]
[Black "Dornieden Jonas"]
[Result "1/2-1/2"]
[WhiteElo "2084"]
[BlackElo "2001"]
[PlyCount "79"]
[EventDate "2021.??.??"]
[WhiteTeam "Schweiz"]
[BlackTeam "Schweiz"]
[WhiteTeamCountry "SUI"]
[BlackTeamCountry "SUI"]

1. c4 c5 2. g3 Nc6 3. Bg2 e6 4. Nc3 Nf6 5. Nf3 d5 6. cxd5 exd5 7. d4 c4 8. O-O
Be7 9. Bf4 O-O 10. Ne5 Be6 11. e3 Qa5 12. h3 Rfd8 13. g4 Nxe5 14. Bxe5 Nd7 15.
Bg3 Bb4 16. Qc2 g6 17. Ne2 Nf6 18. Bh4 Be7 19. Nf4 Kg7 20. Nxe6+ fxe6 21. g5
Ne8 22. e4 Nd6 23. Bg3 dxe4 24. Be5+ Kg8 25. Bxe4 Nxe4 26. Qxe4 Qd5 27. Qg4 Rf8
28. Rae1 Rf5 29. f4 Rd8 30. h4 b5 31. h5 gxh5 32. Qxh5 Bd6 33. Rd1 b4 34. Qh6
Bf8 35. Qh3 Rd7 36. Rd2 Bg7 37. Rg2 Bxe5 38. dxe5 Rg7 39. Qe3 Qd3 40. Qxd3
1/2-1/2

[Event "MTO-2021"]
[Site "?"]
[Date "2021.??.??"]
[Round "7.134"]
[White "Küng Nicolas"]
[Black "Borner Daniel"]
[Result "1/2-1/2"]
[WhiteElo "2005"]
[BlackElo "2133"]
[PlyCount "48"]
[EventDate "2021.??.??"]
[WhiteTeam "Schweiz"]
[BlackTeam "Schweiz"]
[WhiteTeamCountry "SUI"]
[BlackTeamCountry "SUI"]

1. d4 Nf6 2. c4 g6 3. Nc3 Bg7 4. e4 d6 5. Be2 O-O 6. Be3 e5 7. d5 Na6 8. h4 Nc5
9. Qc2 c6 10. h5 cxd5 11. cxd5 Qa5 12. h6 Bh8 13. f3 Nh5 14. a3 Qd8 15. b4 Na6
16. Bxa6 bxa6 17. Qf2 f5 18. Nge2 Nf6 19. exf5 Bxf5 20. Qh4 Qe7 21. O-O Rac8
22. Rad1 Qd7 23. Rc1 Rc7 24. Rfd1 Qf7 1/2-1/2

[Event "MTO-2021"]
[Site "?"]
[Date "2021.??.??"]
[Round "7.135"]
[White "Giacomini Hector"]
[Black "Ferster Fabian"]
[Result "1/2-1/2"]
[WhiteElo "2104"]
[BlackElo "2143"]
[PlyCount "100"]
[EventDate "2021.??.??"]
[WhiteTeam "Frankreich"]
[BlackTeam "Liechtenstein"]
[WhiteTeamCountry "FRA"]
[BlackTeamCountry "LIE"]

1. Nf3 Nf6 2. e3 g6 3. d4 Bg7 4. c4 O-O 5. Be2 d5 6. cxd5 Nxd5 7. e4 Nb6 8. O-O
Bg4 9. Nbd2 c5 10. dxc5 N6d7 11. Qc2 Qc7 12. Nb3 a5 13. a4 Na6 14. Be3 Nb4 15.
Qc1 Rfc8 16. Rd1 Na6 17. Bb5 Ne5 18. Be2 Rd8 19. Rd2 Rac8 20. Nxe5 Bxe2 21.
Rxe2 Qxe5 22. Qc4 Nxc5 23. Nxc5 b6 24. f4 Qh5 25. e5 bxc5 26. Rd2 Qg4 27. h3
Qh4 28. Bf2 Qh6 29. Rxd8+ Rxd8 30. Bxc5 Rc8 31. Qd4 g5 32. fxg5 Qxg5 33. Re1 h5
34. b4 axb4 35. Bxb4 Qg3 36. Qe3 Qxe3+ 37. Rxe3 Rc4 38. Bxe7 Rxa4 39. Rg3 Kh7
40. Bf6 Bxf6 41. exf6 Rf4 42. Rg7+ Kh6 43. Rxf7 Kg6 44. Rf8 h4 45. f7 Rxf7 46.
Rxf7 Kxf7 47. Kf1 Ke7 48. Ke1 Kf7 49. Kd2 Kf6 50. Ke2 Ke6 1/2-1/2

[Event "MTO-2021"]
[Site "?"]
[Date "2021.??.??"]
[Round "7.104"]
[White "Salem Saleh"]
[Black "Tang Andrew"]
[Result "1-0"]
[WhiteElo "2682"]
[BlackElo "2525"]
[PlyCount "63"]
[EventDate "2021.??.??"]
[WhiteTeam "Vereinigte Arabische Emirate"]
[BlackTeam "Vereinigte Staaten"]
[WhiteTeamCountry "UAE"]
[BlackTeamCountry "USA"]

1. Nf3 d5 2. c4 e6 3. b3 Nf6 4. g3 Be7 5. Bg2 O-O 6. O-O c5 7. Bb2 b6 8. e3 Nc6
9. Nc3 dxc4 10. bxc4 Bb7 11. Qe2 Qc7 12. Ne1 Rfd8 13. f4 a6 14. g4 b5 15. g5
Ne8 16. Rf3 Na5 17. Rh3 Bxg2 18. Nxg2 Nxc4 19. Qh5 h6 20. Nxb5 Qb7 21. gxh6
Rxd2 22. Rg3 Bf8 23. Bxg7 Nxg7 24. hxg7 Bxg7 25. f5 Rxg2+ 26. Rxg2 Nxe3 27.
Rxg7+ Kxg7 28. Qg5+ Kf8 29. Qxe3 axb5 30. Rd1 Kg7 31. Qg5+ Kh7 32. Rd3 1-0

[Event "MTO-2021"]
[Site "?"]
[Date "2021.??.??"]
[Round "7.121"]
[White "Vasquez Toledo Cristian"]
[Black "Noaman Omar"]
[Result "1/2-1/2"]
[WhiteElo "2064"]
[BlackElo "2367"]
[PlyCount "134"]
[EventDate "2021.??.??"]
[WhiteTeam "Chile"]
[BlackTeam "Vereinigte Arabische Emirate"]
[WhiteTeamCountry "CHI"]
[BlackTeamCountry "UAE"]

1. e4 e6 2. d4 d5 3. Nc3 Bb4 4. e5 c5 5. a3 Ba5 6. b4 cxd4 7. Nb5 Bc7 8. f4 Ne7
9. Nf3 Bd7 10. Nxc7+ Qxc7 11. Bb2 Ba4 12. Nxd4 O-O 13. Bd3 Nbc6 14. O-O a6 15.
Nf3 Nf5 16. Qe2 Qb6+ 17. Kh1 Qe3 18. Rae1 Qxe2 19. Rxe2 h5 20. Bxf5 exf5 21.
Rd1 Bb5 22. Re3 Bc4 23. e6 fxe6 24. Rxe6 d4 25. Rg6 Rad8 26. Nxd4 Rf6 27. Rxf6
gxf6 28. Kg1 Kf7 29. Kf2 Rd7 30. Rd2 Nxd4 31. Bxd4 Bb5 32. c3 Re7 33. Bb6 Re4
34. Kg3 Bc6 35. Rf2 Re1 36. Bd4 Ra1 37. Kh4 Kg6 38. Bc5 Be4 39. Rd2 Rxa3 40.
Rd6 Ra2 41. Bd4 Rxg2 42. Rxf6+ Kh7 43. h3 Rg6 44. Rf8 Rg8 45. Rf7+ Kh6 46. Rf6+
Rg6 47. Rf8 Rg2 48. Rh8+ Kg6 49. Rxh5 Bf3 50. Rh8 Be4 51. Rf8 Kh6 52. Be5 Kg6
53. Rf6+ Kh7 54. Rd6 Bf3 55. Rd7+ Kg6 56. Rd6+ Kh7 57. Bf6 Be4 58. Bd4 Bf3 59.
Rd7+ Kg6 60. Bc5 Kh6 61. Bd6 Kg6 62. Bf8 Kf6 63. Bh6 Kg6 64. Rd6+ Kh7 65. Bg5
Kg7 66. Rd3 Be4 67. Rd7+ Kg6 1/2-1/2